00346nam a2200145Ia 450000500170000000800460001703700120006304000200007504100130009508400220010810000150013024500330014526000090017830000130018720250508162519.0008 250505s9999 xx 000 0 eng d aTextual aFEDLbengcFEDL aeng2eng a371.74, MURqFEDL aMurray Jim 0aWeight training in athletics c1984 aix,214p.